|
|
|
|
| LEADER |
00000nab a2200000 a 4500 |
| 001 |
vtls000388158 |
| 003 |
SK-MaSNL |
| 005 |
20260303193757.0 |
| 008 |
040806c1990 xo 0 slo |
| 015 |
|
|
|a SNBRB19rr/mm-uuuuu
|
| 035 |
|
|
|a CL0388282
|
| 040 |
|
|
|a SNKBUCL
|b slo
|c SNKBUCL
|e AACR2
|
| 041 |
0 |
|
|a slo
|
| 044 |
|
|
|a xo
|c SK
|
| 080 |
|
|
|a 792.2
|2 1981
|
| 245 |
0 |
0 |
|a Premárnené príležitosti
|b Málo smiechu na premiére Slameného klobúka
|c [autor] F-a
|
| 300 |
|
|
|b Obr. 1.
|
| 600 |
1 |
7 |
|a Labiche, Eugène,
|d 1815-1888
|t Slamený klobúk
|2 snkbucl
|9 1225336
|
| 600 |
1 |
7 |
|a Michel, Marc,
|d 1812-1868
|t Slamený klobúk
|2 snkbucl
|9 1225337
|
| 610 |
2 |
7 |
|a Jókaiho divadlo v Komárne - Komáromi Jókai Színház
|2 snkbucl
|9 32950
|
| 650 |
0 |
7 |
|a hudobné frašky
|2 snkbucl
|9 1225338
|
| 650 |
0 |
7 |
|a divadelné inscenácie
|2 snkbucl
|9 3326
|
| 655 |
|
7 |
|a recenzie
|2 snkbucl
|9 21907
|
| 655 |
|
7 |
|a články z novín a časopisov
|2 snkbucl
|9 267496
|
| 773 |
0 |
|
|t Hlas ľudu
|g Roč. 36, č. 148 (26. 6. 1990), s. 4
|
| 850 |
|
|
|a Slovenská národná knižnica v Martine
|a MTA001
|
| 852 |
|
|
|a SNK
|b KIS3GCP
|
| 999 |
|
|
|c 2154021
|d 2155951
|